000 01184nam a2200337 i 4500
001 bg
003 KOSZ 005
005 20200522073650.0
008 080704s2008 pl a f f |000 0 pol
015 _aPB 18300/2008
020 _a9788373482227
040 _cKOSZ 005/HR
_aWA N
_dKOSZ 005/HR
080 _a624.01/.07:531.3
080 _a534
080 _a004.42
080 _a(075.8)
100 1 _aRucka, Magdalena
_eAutor
245 1 0 _aDynamika budowli z przykładami w środowisku MATLAB /
_cMagdalena Rucka, Krzysztof Wilde.
260 _aGdańsk :
_bWydawnictwo Politechniki Gdańskiej,
_c2008.
300 _a191, [1] s. :
_bil. ;
_c25 cm +
_edysk optyczny (CD-ROM).
504 _aBibliogr. s. [192].
521 8 _aDla studentów budownictwa, transportu i inżynierii środowiska.
650 4 _aDrgania
655 4 _aPodręczniki akademickie
650 4 _aMechanika budowli
650 4 _aMatlab
710 2 _aPolitechnika Gdańska.
_bWydawnictwo.
_4pbl.
700 1 _aWilde, Krzysztof
_eAutor
856 _uhttp://koha.tu.koszalin.pl/cgi-bin/koha/opac-detail.pl?biblionumber=55571
_yKatalog online BPK
942 _cKS
_2UKD
999 _c55571
_d55571